| 000 | 01787cam a2200349 a 4500 | ||
|---|---|---|---|
| 001 | 1190149 | ||
| 003 | OSt | ||
| 005 | 20230605111748.0 | ||
| 008 | 970718s1995 pl a f100 0 eng d | ||
| 010 | _a 97173935 | ||
| 035 | _a(CStRLIN)NYDW9322374-B | ||
| 040 |
_aSzGBNU _cSzGBNU _dCStRLIN _dDLC |
||
| 042 | _alccopycat | ||
| 082 |
_a328.4380522 _bLUK |
||
| 111 | 2 |
_aInternational Conference on Parliamentary Rules of Procedure and Parliamentary Practice _d(1994 : _cPułtusk, Poland) |
|
| 245 | 1 | 0 |
_aRules of procedure and parliamentary practice : _bthe proceedings of the International Conference on Parliamentary Rules of Procedure and Parliamentary Practice, Pułtusk, 8-11 May 1994 / _cedited by Danuta Łukasz, Wieslaw Staśkiewicz. |
| 260 |
_aWarsaw : _bBureau of Research, Chancellory of the Sejm of the Republic of Poland, _c1995. |
||
| 300 |
_a284 p. : _bill. ; _c24 cm. |
||
| 500 | _a"Co-sponsored by Special Task Force on the Development of Parliamentary Institutions in Eastern Europe, U.S. House of Representatives, European Parliament, Parliamentary Assembly of the Council of Europe." | ||
| 650 | 0 |
_aParliamentary practice _xCongresses. |
|
| 650 | 0 |
_aLegislative bodies _xCongresses. |
|
| 650 | 0 |
_aLegislation _xCongresses. |
|
| 700 | 0 | _aŁukasz, Danuta. | |
| 700 | 0 | _aStaśkiewicz, Wiesław. | |
| 710 | 1 |
_aPoland. _bSejm. _bBiuro Studiów i Ekspertyz. |
|
| 710 | 1 |
_aUnited States. _bCongress. _bHouse. _bSpecial Task Force on the Development of Parliamentary Institutions in Eastern Europe. |
|
| 710 | 2 | _aEuropean Parliament. | |
| 710 | 2 |
_aCouncil of Europe. _bParliamentary Assembly. |
|
| 906 |
_a7 _bcbc _ccopycat _d2 _encip _f19 _gy-gencatlg |
||
| 942 |
_2ddc _cBK |
||
| 999 |
_c301 _d301 |
||